| 000 | 01158nam a22002537a 4500 | ||
|---|---|---|---|
| 999 |
_c81255 _d318532 |
||
| 003 | OSt | ||
| 005 | 20220803103027.0 | ||
| 008 | 220803b2016 jo ||||g |||| 00| 0 ara d | ||
| 020 | _a9789957608125 | ||
| 040 |
_aMa-Un _cMa-Un |
||
| 082 |
_221 _a303.4833 _bع ج ت |
||
| 100 |
_aالعريشي، جبريل بن حسن. _996243 |
||
| 245 |
_aالتحول إلى مجتمع معلوماتي وتحديات المحافظة على الهوية الثقافية في المملكة العربية السعودية / _cجبريل بن حسن العريشي. |
||
| 250 | _aط. 1. | ||
| 260 |
_aعمان، الأردن : _b الدار المنهجية للنشر والتوزيع، _c2016 _m1437 |
||
| 300 |
_a304 ص. : _bايض. ؛ _c24 سم. |
||
| 504 | _aيشتمل على قائمة ببليوجرافية. | ||
| 650 |
_aالتكنولوجيا والمجتمع. _996244 |
||
| 650 |
_a التطور الاجتماعي. _960920 |
||
| 650 |
_aالتغير الاجتماعي. _996245 |
||
| 650 |
_aمجتمع المعلومات. _zالسعودية. _996246 |
||
| 650 |
_aتكنولوجيا المعلومات. _zالسعودية. _996247 |
||
| 942 |
_2ddc _cBOOK |
||